[Event "Open Aubagne"]
[Site "Aubagne"]
[Date "2023.10.07"]
[Round "2.13"]
[White "Moerenhout, Jean Claude"]
[Black "Jardel, Stephane"]
[Result "1-0"]
[WhiteElo "1276"]
[BlackElo "1199"]
[PlyCount "88"]
[WhiteTeam "C.E. Aubagnais"]
[BlackTeam "C.E. Aubagnais"]

1. e4 d5 2. exd5 Qxd5 3. Nc3 Qd6 4. Nf3 Nf6 5. d4 Bg4 6. Be2 Nc6 7. O-O O-O-O
8. Be3 e5 9. Nxe5 Bxe2 10. Qxe2 Nxe5 11. dxe5 Qxe5 12. Rad1 Bd6 13. g3 h5 14.
Nb5 Bc5 15. Rxd8+ Rxd8 16. Nc3 Bxe3 17. Qxe3 Qxe3 18. fxe3 Rd2 19. Rc1 Ng4 20.
Ne4 Rxh2 21. b4 Re2 22. Ng5 Ne5 23. e4 f6 24. Kf1 Rd2 25. Ne6 g5 26. a4 Nf3 27.
c4 Kd7 28. Nc5+ Kc6 29. Nb3 Nh2+ 30. Kg1 Re2 31. Nd4+ Kd7 32. Nxe2 Nf3+ 33. Kg2
Ne5 34. c5 c6 35. Nd4 Ke7 36. Nf5+ Kd7 37. Rd1+ Kc7 38. Rd6 Nd7 39. Ng7 h4 40.
gxh4 gxh4 41. Kh3 b6 42. Ne6+ Kc8 43. Rxc6+ Kb8 44. Rd6 Kc8 1-0

[Event "Open Aubagne"]
[Site "Aubagne"]
[Date "2023.10.07"]
[Round "2.14"]
[White "Peucelle, Richard"]
[Black "Roux, Jean-Marie"]
[Result "1-0"]
[WhiteElo "1199"]
[BlackElo "1261"]
[PlyCount "61"]
[WhiteTeam "C.E. Aubagnais"]
[BlackTeam "Ech. du Roy Rene"]

1. e4 e5 2. Nf3 Nc6 3. Bc4 Be7 4. O-O Nf6 5. d3 O-O 6. c3 d6 7. h3 Be6 8. Nbd2
Bxc4 9. dxc4 Qd7 10. Re1 a6 11. b3 Nh5 12. Nf1 Nf6 13. Qe2 Rad8 14. Bd2 Kh8 15.
Ng3 Ng8 16. Rad1 Bf6 17. Be3 Nce7 18. c5 Ng6 19. Nh2 Qe6 20. Nf3 Bh4 21. Nh5 f5
22. Ng5 Bxg5 23. Bxg5 Rc8 24. Qe3 h6 25. Bh4 Nxh4 26. Qg3 Ng6 27. c4 Nf6 28.
Qxg6 Rg8 29. Rd3 f4 30. Nxf6 gxf6 31. Qxh6# 1-0

[Event "Open Aubagne"]
[Site "Aubagne"]
[Date "2023.10.07"]
[Round "2.15"]
[White "Beneddra, Nassim"]
[Black "Giraudoux Lognos, Lina"]
[Result "1-0"]
[WhiteElo "1248"]
[BlackElo "1199"]
[PlyCount "57"]
[WhiteTeam "Ech. Marseillais 1872"]
[BlackTeam "C.E. Aubagnais"]

1. e4 c5 2. Nf3 d6 3. d4 cxd4 4. Nxd4 a6 5. Nc3 Nf6 6. Be2 Nbd7 7. O-O e5 8.
Nf5 Nc5 9. Ng3 Be7 10. Bg5 O-O 11. b4 Ne6 12. Bxf6 Bxf6 13. Nd5 Nf4 14. Bc4
Nxd5 15. Bxd5 Rb8 16. Qe2 Bd7 17. Rfd1 Qc8 18. Bb3 Bg5 19. f3 Be6 20. Bxe6 Qxe6
21. Rd5 Bd8 22. Rad1 Bb6+ 23. Kh1 Bc7 24. Qd3 Rfd8 25. Nf5 Rd7 26. Nxd6 Bxd6
27. Rxd6 Rbd8 28. Rxd7 Qe8 29. Rxd8 1-0

[Event "Open Aubagne"]
[Site "Aubagne"]
[Date "2023.10.07"]
[Round "2.16"]
[White "Normand, Christophe"]
[Black "Periale, Francine"]
[Result "1-0"]
[WhiteElo "1236"]
[BlackElo "1199"]
[PlyCount "57"]
[WhiteTeam "C.E. Pennois"]
[BlackTeam "C.E. Aubagnais"]

1. e4 e5 2. Nf3 Nc6 3. Bb5 Nge7 4. c3 d6 5. d4 Bd7 6. O-O d5 7. Re1 g6 8. Bg5
a6 9. Ba4 b5 10. Bb3 Bg7 11. Bxd5 O-O 12. dxe5 Qe8 13. Bb3 Be6 14. Bxe6 fxe6
15. Qb3 Qf7 16. Re2 Na5 17. Qb4 Nac6 18. Qc5 Rfe8 19. Nbd2 h6 20. Bxe7 Nxe7 21.
Qxc7 g5 22. h3 Kh7 23. Qb7 Rad8 24. Rf1 Rd3 25. Qxa6 Bxe5 26. Nxe5 Qh5 27. Nxd3
Qxe2 28. Nf3 Qxd3 29. Qxe6 1-0

[Event "Open Aubagne"]
[Site "Aubagne"]
[Date "2023.10.07"]
[Round "2.17"]
[White "Belaid, Myriam"]
[Black "Innocenti, Georges"]
[Result "1-0"]
[WhiteElo "1199"]
[BlackElo "1012"]
[PlyCount "124"]
[WhiteTeam "C.E. Aubagnais"]
[BlackTeam "C.E. Aubagnais"]

1. c4 e5 2. d3 Nc6 3. Nf3 Nf6 4. Nc3 a6 5. g3 Be7 6. Bg2 h6 7. O-O d5 8. b3
dxc4 9. bxc4 O-O 10. Rb1 Rb8 11. Bb2 Bc5 12. Na4 Ba7 13. Nxe5 Nxe5 14. Bxe5 Qd7
15. Re1 Re8 16. d4 Ng4 17. Nc5 Bxc5 18. dxc5 Nxe5 19. Qc2 Qf5 20. Be4 Qe6 21.
Bd5 Qg6 22. Qa4 Bd7 23. Qa5 c6 24. Bg2 Nxc4 25. Qb4 Ne5 26. Red1 Bf5 27. e4 Be6
28. f4 Nd7 29. f5 Bxf5 30. exf5 Qxf5 31. Re1 Qxc5+ 32. Qxc5 Rxe1+ 33. Rxe1 Nxc5
34. Re5 Nd7 35. Re7 Rd8 36. Bh3 Kf8 37. Rxd7 Rxd7 38. Bxd7 Ke7 39. Bc8 c5 40.
Bxb7 a5 41. Kf2 Kd6 42. Ke3 c4 43. Kd4 f5 44. Kxc4 g5 45. h3 h5 46. Kd4 Ke6 47.
Bf3 g4 48. Bg2 Kf6 49. Ke3 Ke5 50. h4 Kf6 51. Kf4 Kg6 52. Bc6 Kh6 53. Kxf5 a4
54. Bxa4 Kh7 55. Kg5 Kg7 56. Kxh5 Kh7 57. Bc2+ Kg7 58. Kxg4 Kh6 59. h5 Kg7 60.
Kg5 Kh8 61. h6 Kg8 62. Kg6 Kh8 1-0

[Event "Open Aubagne"]
[Site "Aubagne"]
[Date "2023.10.07"]
[Round "2.19"]
[White "Boudet, Nicole"]
[Black "Formosa, Francoise"]
[Result "1-0"]
[WhiteElo "1075"]
[BlackElo "1199"]
[PlyCount "79"]
[WhiteTeam "C.E. Pennois"]
[BlackTeam "Ech. Marseillais 1872"]

1. e4 c5 2. Nc3 Nc6 3. Bb5 e5 4. Bxc6 bxc6 5. d3 d5 6. Nf3 d4 7. Ne2 Bd6 8. O-O
Nf6 9. Bd2 O-O 10. c3 Re8 11. Ng3 h6 12. h3 a6 13. c4 Nd7 14. Qa4 Bb7 15. Nf5
Be7 16. Qd1 Nf6 17. Nh2 Bc8 18. Qf3 Bf8 19. g4 g6 20. Nxh6+ Bxh6 21. Bxh6 Nh7
22. Qg3 Re6 23. Bd2 Re8 24. h4 Rf8 25. Qxe5 Qxh4 26. f3 Be6 27. Be1 Qe7 28. Bd2
f6 29. Qg3 Kh8 30. Rae1 Rg8 31. Bf4 Qb7 32. b3 Qb4 33. g5 Qc3 34. gxf6 Nxf6 35.
Be5 Kg7 36. Bxf6+ Kxf6 37. Ng4+ Ke7 38. Qc7+ Bd7 39. Ne5 Ra7 40. Nxc6+ 1-0

[Event "Open Aubagne"]
[Site "Aubagne"]
[Date "2023.11.18"]
[Round "3.1"]
[White "Battaglia, Gerard"]
[Black "Vrillet, Sylvain"]
[Result "1-0"]
[WhiteElo "1605"]
[BlackElo "1460"]
[PlyCount "91"]
[WhiteTeam "Ech. Marseillais 1872"]
[BlackTeam "C.E. Aubagnais"]

1. d4 d5 2. c4 c6 3. Nf3 Nf6 4. Nc3 g6 5. h3 Bg7 6. e3 O-O 7. b3 Nbd7 8. Bb2
Qc7 9. Rc1 e6 10. Be2 b6 11. O-O Bb7 12. Ba3 Rfe8 13. cxd5 exd5 14. Nb5 Qb8 15.
Bd6 Qc8 16. Nc7 Ne4 17. Nxe8 Qxe8 18. Ba3 Rc8 19. Nd2 Ndf6 20. Nxe4 Nxe4 21.
Bd3 Nf6 22. Qe2 Rd8 23. Rc2 Qe6 24. Rfc1 Re8 25. b4 Bf8 26. Ba6 Ba8 27. Qd3 b5
28. Rb1 Rb8 29. Bc1 Rb6 30. Qa3 Ne4 31. Qa5 Qd7 32. a4 Nd6 33. axb5 cxb5 34.
Ra1 Nc4 35. Bxb5 Rxb5 36. Qxa7 Bc6 37. Qxd7 Bxd7 38. e4 Be6 39. Ra8 Kg7 40. e5
Bxb4 41. Bg5 Ba5 42. Bf6+ Kh6 43. Ra2 Bc3 44. Rh8 Nb6 45. g4 g5 46. Rg8 1-0

[Event "Open Aubagne"]
[Site "Aubagne"]
[Date "2023.11.18"]
[Round "3.2"]
[White "Madi, Mohammed"]
[Black "Gamblin, Vincent"]
[Result "1-0"]
[WhiteElo "1415"]
[BlackElo "1479"]
[PlyCount "67"]
[WhiteTeam "C.E. Aubagnais"]
[BlackTeam "Ech. du Roy Rene"]

1. e4 c5 2. Nf3 e6 3. d4 cxd4 4. Nxd4 Nf6 5. Nc3 Bb4 6. Bd3 Nc6 7. Nf3 d5 8.
exd5 Nxd5 9. Bd2 Nxc3 10. bxc3 Be7 11. O-O O-O 12. Rb1 Bf6 13. Qe2 Ne7 14. h4
Nd5 15. c4 Nc3 16. Bxc3 Bxc3 17. Bxh7+ Kh8 18. Be4 Rb8 19. Rb5 f5 20. Ng5 Qf6
21. Qh5+ Qh6 22. Nf7+ Rxf7 23. Qxf7 fxe4 24. Rh5 Qxh5 25. Qxh5+ Kg8 26. Rd1 Bf6
27. Qg4 b6 28. h5 Kf7 29. Qxe4 Ke7 30. h6 e5 31. h7 Be6 32. Qc6 Rh8 33. Qc7+
Ke8 34. Qb8+ 1-0

[Event "Open Aubagne"]
[Site "Aubagne"]
[Date "2023.11.18"]
[Round "3.3"]
[White "Madi, Chahinez"]
[Black "Vrillet, Loan"]
[Result "0-1"]
[WhiteElo "1462"]
[BlackElo "1355"]
[PlyCount "72"]
[WhiteTeam "C.E. Aubagnais"]
[BlackTeam "C.E. Aubagnais"]

1. e4 c6 2. d4 d5 3. Nd2 dxe4 4. Nxe4 Nd7 5. Bd3 Ngf6 6. Ng5 e6 7. N1f3 Qc7 8.
O-O h6 9. Nh3 g5 10. Ne1 Bd6 11. f4 g4 12. Nf2 h5 13. c4 c5 14. Nc2 b6 15. Ne4
Bb7 16. Nxd6+ Qxd6 17. dxc5 Nxc5 18. Be2 Qc6 19. Ne3 Rd8 20. Qc2 Nfe4 21. b4
Nd7 22. Bd3 Ndf6 23. Bb2 Rg8 24. f5 g3 25. fxe6 gxh2+ 26. Kh1 Ng3+ 27. Kxh2
Nxf1+ 28. Bxf1 Qxe6 29. Bxf6 Qxf6 30. Rc1 Qf4+ 31. Kh1 Qxe3 32. c5 Rd2 33. Qa4+
Kf8 34. Qxa7 Qh3+ 35. Kg1 Rdxg2+ 36. Bxg2 Qxg2# 0-1

[Event "Open Aubagne"]
[Site "Aubagne"]
[Date "2023.11.18"]
[Round "3.4"]
[White "Maggio, Lucas"]
[Black "Deregnaucourt, Yves"]
[Result "1-0"]
[WhiteElo "1437"]
[BlackElo "1617"]
[PlyCount "33"]
[WhiteTeam "C.E. Aubagnais"]
[BlackTeam "C.E. Aubagnais"]

1. d4 f5 2. Bg5 c6 3. Nc3 Qb6 4. e4 h6 5. Bc1 Nf6 6. e5 Ne4 7. Qh5+ Kd8 8. Qxf5
d5 9. Qf4 Qxd4 10. Be3 Qb4 11. Rd1 g5 12. Qxe4 Qxb2 13. Qd3 Bg7 14. Bd4 Qa3 15.
Qg6 c5 16. Qxg7 cxd4 17. Qxh8+ 1-0

[Event "Open Aubagne"]
[Site "Aubagne"]
[Date "2023.11.18"]
[Round "3.5"]
[White "Belaid, Noa"]
[Black "Mouhieddine, Hocine"]
[Result "0-1"]
[WhiteElo "1135"]
[BlackElo "1602"]
[PlyCount "122"]
[WhiteTeam "C.E. Aubagnais"]
[BlackTeam "Ech. Marseillais 1872"]

1. e4 d5 2. exd5 Qxd5 3. Nc3 Qa5 4. Nf3 c6 5. Be2 Nf6 6. O-O Bf5 7. d4 e6 8.
Re1 Nbd7 9. a3 Bd6 10. Be3 Qc7 11. h3 h6 12. Bd3 Bxd3 13. Qxd3 O-O 14. Re2 Nd5
15. Nxd5 cxd5 16. Rc1 Rac8 17. c3 a6 18. Rec2 Nb6 19. Nd2 Nc4 20. Nxc4 dxc4 21.
Qe4 Kh8 22. Re1 Rcd8 23. Qf3 Be7 24. Bf4 Qb6 25. Qh5 Rd5 26. Re5 Rxe5 27. Bxe5
Kg8 28. Qg4 f6 29. Bf4 g5 30. Be3 Qc6 31. Qh5 Kg7 32. Qe2 b5 33. Rc1 Qe4 34.
Qc2 Qxc2 35. Rxc2 Rd8 36. Rc1 Rd5 37. Kf1 f5 38. g3 Kf6 39. f4 Rd8 40. Kg2 a5
41. Kf3 Rg8 42. g4 Bd6 43. Rh1 Bc7 44. Bd2 Rg7 45. Ra1 a4 46. Rd1 Rh7 47. Rg1
Rg7 48. Rg2 Rg6 49. Rg1 fxg4+ 50. Rxg4 Kf5 51. Rg2 Bd6 52. Bc1 Be7 53. Bd2 Bf6
54. Be3 Rg7 55. Rg1 gxf4 56. Rxg7 Bxg7 57. Bxf4 h5 58. h4 Bf6 59. Bg3 Be7 60.
Bf4 Bxh4 61. Be5 Bg5 0-1

[Event "Open Aubagne"]
[Site "Aubagne"]
[Date "2023.11.18"]
[Round "3.6"]
[White "Touaoula, Rachid"]
[Black "Madi, Walid"]
[Result "1-0"]
[WhiteElo "1503"]
[BlackElo "1333"]
[PlyCount "97"]
[WhiteTeam "Ech. Marseillais 1872"]
[BlackTeam "C.E. Aubagnais"]

1. e4 c5 2. Nf3 d6 3. g3 Nf6 4. d3 Nc6 5. Bg2 h5 6. Bg5 e6 7. c3 Be7 8. Nbd2
Ng4 9. Bxe7 Qxe7 10. h3 Nh6 11. Qe2 Bd7 12. a4 e5 13. Nc4 Be6 14. Ne3 Qd8 15.
Nd2 h4 16. g4 Ne7 17. Nf5 Nhxf5 18. exf5 Bd5 19. Be4 Qb6 20. Nc4 Bxc4 21. dxc4
a5 22. O-O O-O-O 23. Rfd1 Kb8 24. Qe3 Rd7 25. b4 axb4 26. cxb4 Qxb4 27. Qe2 Rc8
28. Rdb1 Qa5 29. Rb5 Qa6 30. a5 Nc6 31. Qb2 Nb4 32. Qb3 Ka8 33. Rb6 Qa7 34. Qa4
Rcc7 35. Qb5 Rc6 36. Ra4 d5 37. cxd5 Nxd5 38. Rxc6 bxc6 39. Qxc6+ Qb7 40. Qxc5
f6 41. Ra1 Rd8 42. Rd1 Kb8 43. Rb1 Qxb1+ 44. Bxb1 Nf4 45. Qb6+ Kc8 46. Qc6+ Kb8
47. Be4 Rd1+ 48. Kh2 Rb1 49. Bxb1 1-0

[Event "Open Aubagne"]
[Site "Aubagne"]
[Date "2023.11.18"]
[Round "3.7"]
[White "Gomez, Guy"]
[Black "Belaid, Myriam"]
[Result "1-0"]
[WhiteElo "1491"]
[BlackElo "1199"]
[PlyCount "47"]
[WhiteTeam "C.E. Aubagnais"]
[BlackTeam "C.E. Aubagnais"]

1. e4 c5 2. Nf3 d6 3. Bc4 h6 4. h3 Nf6 5. d3 Nc6 6. c3 g6 7. O-O Bg7 8. Re1 O-O
9. d4 Rb8 10. a4 a6 11. Qd3 Re8 12. e5 Nh5 13. Qxg6 Be6 14. Bxe6 fxe6 15. Qxh5
Rf8 16. Bxh6 Rf5 17. Qg4 Rf7 18. Ng5 Bxh6 19. Nxf7+ Kxf7 20. Qh5+ Kg7 21. Re4
Qh8 22. Rg4+ Kf8 23. Rf4+ Kg8 24. Qf7# 1-0

[Event "Open Aubagne"]
[Site "Aubagne"]
[Date "2023.11.18"]
[Round "3.8"]
[White "Normand, Christophe"]
[Black "Roganova, Jeremy"]
[Result "1-0"]
[WhiteElo "1236"]
[BlackElo "1328"]
[PlyCount "87"]
[WhiteTeam "C.E. Pennois"]
[BlackTeam "C.E. Aubagnais"]

1. e4 c5 2. Nc3 d6 3. f4 g6 4. Nf3 Bg7 5. Bc4 Nf6 6. O-O O-O 7. Qe1 Bg4 8. Nd5
Nbd7 9. h3 Bxf3 10. Nxf6+ Nxf6 11. Rxf3 a6 12. a4 b5 13. axb5 axb5 14. Rxa8
Qxa8 15. Bxb5 Qxe4 16. Qxe4 Nxe4 17. c3 Ra8 18. Bc6 Ra1 19. Bxe4 Rxc1+ 20. Rf1
Rxf1+ 21. Kxf1 e6 22. Ke2 d5 23. Bc2 Bh6 24. g3 f6 25. b4 cxb4 26. cxb4 Bf8 27.
b5 Bc5 28. g4 Kf7 29. f5 g5 30. fxe6+ Kxe6 31. Bxh7 Kd6 32. Bg6 Ke5 33. Kf3 Bb6
34. d3 Bc7 35. Bf5 Kd4 36. Ke2 Bb6 37. Kf3 Ke5 38. Kg3 Ba7 39. h4 gxh4+ 40.
Kxh4 Bb6 41. Kh5 Bd8 42. Kg6 Kf4 43. Kf7 Ke5 44. Ke8 1-0

[Event "Open Aubagne"]
[Site "Aubagne"]
[Date "2023.11.18"]
[Round "3.9"]
[White "Hovaguimian, Gerard"]
[Black "Peucelle, Richard"]
[Result "1-0"]
[WhiteElo "1325"]
[BlackElo "1199"]
[PlyCount "51"]
[WhiteTeam "Hay Chess"]
[BlackTeam "C.E. Aubagnais"]

1. d4 Nf6 2. c4 e6 3. Nc3 Bb4 4. Bg5 O-O 5. e4 h6 6. Bxf6 Qxf6 7. a3 Bd6 8. e5
Qg6 9. exd6 cxd6 10. g3 Nc6 11. Bg2 d5 12. cxd5 exd5 13. Nxd5 Re8+ 14. Ne2 b6
15. Nc7 Bb7 16. Nxe8 Rxe8 17. O-O Nd8 18. Nf4 Qf5 19. d5 d6 20. Re1 Qd7 21. Bh3
Qb5 22. Qd2 Ba6 23. a4 Qb3 24. Rxe8+ Kh7 25. Rxd8 Bb7 26. Ra3 1-0

[Event "Open Aubagne"]
[Site "Aubagne"]
[Date "2023.11.18"]
[Round "3.10"]
[White "Cotton, Paul"]
[Black "Rival, None"]
[Result "0-1"]
[WhiteElo "1314"]
[BlackElo "1199"]
[PlyCount "73"]
[WhiteTeam "C.E. Aubagnais"]
[BlackTeam "Ech. Marseillais 1872"]

1. c4 e5 2. d3 Nf6 3. Nc3 d5 4. cxd5 Nxd5 5. Nf3 Nc6 6. g3 Bb4 7. Bd2 O-O 8.
Bg2 Be6 9. Ng5 Bxc3 10. Nxe6 Bxd2+ 11. Qxd2 fxe6 12. O-O Qd7 13. a3 Nf6 14. e3
e4 15. d4 e5 16. Rfd1 Rad8 17. Qc2 exd4 18. Bxe4 Nxe4 19. Qxe4 d3 20. Rd2 Qd5
21. Qxd5+ Rxd5 22. Rad1 Ne5 23. Kg2 Rfd8 24. f4 Nc4 25. Kf3 Nxd2+ 26. Rxd2 Rc5
27. Ke4 Rc4+ 28. Kf3 Rc2 29. Rd1 Rxb2 30. Ke4 d2 31. Kf3 c5 32. Ke2 c4 33. e4
c3 34. e5 c2 35. Rxd2 c1=N+ 36. Kd1 Rdxd2+ 37. Kxc1 0-1

[Event "Open Aubagne"]
[Site "Aubagne"]
[Date "2023.11.18"]
[Round "3.11"]
[White "Leonti, Denis"]
[Black "Moerenhout, Jean Claude"]
[Result "1-0"]
[WhiteElo "1169"]
[BlackElo "1276"]
[PlyCount "73"]
[WhiteTeam "Hay Chess"]
[BlackTeam "C.E. Aubagnais"]

1. e4 e5 2. Nf3 Nc6 3. Bc4 Bc5 4. c3 Nf6 5. d4 exd4 6. cxd4 Bb4+ 7. Bd2 Bxd2+
8. Nbxd2 d5 9. exd5 Nxd5 10. Qb3 Na5 11. Qa4+ c6 12. Bxd5 Qxd5 13. O-O O-O 14.
Rfc1 Qd8 15. b4 b5 16. Qxa5 Qxa5 17. bxa5 Bd7 18. Ne5 Be8 19. Nxc6 Bxc6 20.
Rxc6 a6 21. Nb3 Rfd8 22. Rd1 Rd5 23. Nc5 Re8 24. g3 h6 25. Rxa6 Re2 26. Rb6
Rxa2 27. Rxb5 Rf5 28. f4 Rh5 29. h4 Rd5 30. a6 Rd8 31. d5 Re8 32. d6 Ree2 33.
Nd3 Rxa6 34. d7 Rd6 35. Rb8+ Kh7 36. d8=Q Rxd8 37. Rxd8 1-0

[Event "Open Aubagne"]
[Site "Aubagne"]
[Date "2023.11.18"]
[Round "3.13"]
[White "Evrard, Nicolas"]
[Black "Turpin, Isabelle"]
[Result "1-0"]
[WhiteElo "1238"]
[BlackElo "1088"]
[PlyCount "65"]
[WhiteTeam "Salon Nostradamus"]
[BlackTeam "C.E. Aubagnais"]

1. d4 Nf6 2. c4 e6 3. Nc3 c6 4. e4 d6 5. Bg5 h6 6. Bxf6 Qxf6 7. Nf3 g5 8. e5
Qg6 9. Bd3 f5 10. Qc2 dxe5 11. Nxe5 Qf6 12. O-O-O Bd6 13. Qe2 c5 14. Nb5 cxd4
15. Nxd6+ Ke7 16. Nb5 Nd7 17. Rde1 Qxe5 18. Qxe5 Nxe5 19. Rxe5 Kf6 20. Rhe1 Rh7
21. c5 a6 22. Nd6 Bd7 23. Bc4 Re7 24. b4 Rb8 25. a3 b5 26. Bd5 a5 27. Kd2 axb4
28. axb4 Rg8 29. c6 exd5 30. Rxe7 Bxc6 31. R7e6+ Kg7 32. Nxf5+ Kh8 33. Rxh6#
1-0

[Event "Open Aubagne"]
[Site "Aubagne"]
[Date "2023.11.18"]
[Round "3.14"]
[White "Pouliquen, Gilbert"]
[Black "Hassaine, Rachid"]
[Result "0-1"]
[WhiteElo "1171"]
[BlackElo "1355"]
[PlyCount "57"]
[WhiteTeam "Ech. Marseillais 1872"]
[BlackTeam "C.E. Aubagnais"]

1. d4 d5 2. c4 e6 3. Nf3 Ne7 4. Nc3 c6 5. e4 dxe4 6. Nxe4 Ng6 7. Bd3 Be7 8. O-O
O-O 9. Be3 Nd7 10. Nfg5 Nf6 11. Nxf6+ Bxf6 12. Nxh7 Kxh7 13. Qh5+ Kg8 14. Rfd1
Qe7 15. Bxg6 fxg6 16. Qxg6 b6 17. Rab1 Bb7 18. b4 Rad8 19. Rd3 e5 20. dxe5 Qxe5
21. Rbd1 Rxd3 22. Qxd3 Bc8 23. c5 b5 24. Qb3+ Be6 25. Qc2 Bd5 26. Bd4 Qg5 27.
g3 Bxd4 28. Rxd4 Qf6 29. Rf4 0-1

[Event "Open Aubagne"]
[Site "Aubagne"]
[Date "2023.11.18"]
[Round "3.15"]
[White "Periale, Albert"]
[Black "Autouard, Jean-Luc"]
[Result "1-0"]
[WhiteElo "1195"]
[BlackElo "1235"]
[PlyCount "99"]
[WhiteTeam "C.E. Aubagnais"]
[BlackTeam "C.E. Aubagnais"]

1. d4 f5 2. e3 Nf6 3. Nf3 e6 4. Nc3 Be7 5. Bd3 O-O 6. e4 fxe4 7. Nxe4 Nxe4 8.
Bxe4 g6 9. O-O d5 10. Bd3 Nd7 11. Re1 Nb6 12. c3 Bd7 13. Qc2 Qe8 14. Bh6 Rf6
15. Bg5 Rxf3 16. Bxe7 Rf7 17. Bg5 Kg7 18. Re3 a6 19. b3 Bb5 20. c4 Bc6 21. Rae1
Bd7 22. Re5 c6 23. c5 Nc8 24. Be2 h6 25. Bh4 Rf4 26. Bg3 Rf6 27. Qd2 Ne7 28. h4
Qf7 29. Bg4 Nf5 30. Bxf5 gxf5 31. Bf4 Qh5 32. g3 Re8 33. R5e2 Rg6 34. Kh2 Kh7
35. Re3 Reg8 36. Qe2 Rg4 37. Kh3 Qg6 38. Rg1 Rxh4+ 39. Kxh4 Qf6+ 40. Kh3 Qxd4
41. Rg2 Qxc5 42. Rxe6 Bxe6 43. Qxe6 Qf8 44. Bd6 Rg6 45. Qxg6+ Kxg6 46. Bxf8 h5
47. Bc5 Kf6 48. Kh4 Kg6 49. f3 b5 50. Re2 1-0

[Event "Open Aubagne"]
[Site "Aubagne"]
[Date "2023.11.18"]
[Round "3.16"]
[White "Roubinet, Luan"]
[Black "Roubinet, Tao"]
[Result "1-0"]
[WhiteElo "1199"]
[BlackElo "1099"]
[PlyCount "115"]
[WhiteTeam "C.E. Aubagnais"]
[BlackTeam "C.E. Aubagnais"]

1. e4 e5 2. Nf3 Nc6 3. Bc4 Be7 4. c3 d6 5. d4 f5 6. Nbd2 fxe4 7. Nxe4 Bf5 8.
Ng3 Bg4 9. h3 Bxf3 10. Qxf3 Nf6 11. Bg5 h6 12. Nf5 Bf8 13. Bh4 g5 14. Bg3 d5
15. Bb5 e4 16. Qe3 Qd7 17. Be5 Qxf5 18. g4 Qe6 19. f4 Nd7 20. Bxh8 Qg8 21. Be5
Bd6 22. Bxd6 cxd6 23. O-O a6 24. Bxc6 bxc6 25. Rae1 c5 26. Qg3 Ke7 27. f5 Rb8
28. b3 c4 29. b4 a5 30. Rb1 axb4 31. Rxb4 Rxb4 32. cxb4 Qa8 33. Qf2 Kf6 34. Ra1
Qa7 35. Kg2 Qb6 36. a3 Qa7 37. a4 c3 38. a5 c2 39. Rc1 Qb7 40. Qd2 Qb5 41. Rxc2
Nb8 42. Rc8 Na6 43. Rd8 Ke7 44. Rh8 Nxb4 45. Rxh6 Qxa5 46. Rh7+ Ke8 47. Rb7 Qa6
48. Qxb4 Qe2+ 49. Kg1 Qd1+ 50. Kf2 Qf3+ 51. Ke1 Qe3+ 52. Kd1 Qd3+ 53. Qd2 Qf1+
54. Kc2 Qc4+ 55. Qc3 Qa4+ 56. Kb2 Kd8 57. Qc7+ Ke8 58. Qe7# 1-0

[Event "Open Aubagne"]
[Site "Aubagne"]
[Date "2023.11.18"]
[Round "3.17"]
[White "Pretini, Augustin"]
[Black "Guelai, Belkacem"]
[Result "1-0"]
[WhiteElo "1284"]
[BlackElo "1199"]
[PlyCount "39"]
[WhiteTeam "C.E. Aubagnais"]
[BlackTeam "C.E. Aubagnais"]

1. d4 d5 2. c4 Nf6 3. Nc3 Nc6 4. Nf3 Bf5 5. Bf4 e6 6. e3 Bd6 7. Bxd6 Qxd6 8.
Bd3 O-O-O 9. Bxf5 exf5 10. Ng5 Rd7 11. Qb3 h6 12. Nf3 Na5 13. Qa4 Nxc4 14. Qxa7
Nb6 15. Ne5 Re7 16. Nb5 Qb4+ 17. Nc3 Ne4 18. O-O f6 19. Nxd5 Nxd5 20. Qa8# 1-0

[Event "Open Aubagne"]
[Site "Aubagne"]
[Date "2023.11.18"]
[Round "3.18"]
[White "Giraudoux Lognos, Lina"]
[Black "Roux, Jean-Marie"]
[Result "0-1"]
[WhiteElo "1199"]
[BlackElo "1261"]
[PlyCount "126"]
[WhiteTeam "C.E. Aubagnais"]
[BlackTeam "Ech. du Roy Rene"]

1. d4 d5 2. Bf4 Nf6 3. Nf3 Bg4 4. Nbd2 e6 5. e3 Be7 6. Bd3 O-O 7. h3 Bh5 8. g4
Bg6 9. Ne5 Bxd3 10. Nxd3 Nc6 11. Qe2 a5 12. g5 Ne8 13. O-O-O Bd6 14. h4 Bxf4
15. exf4 Nxd4 16. Qe3 Nc6 17. c3 d4 18. cxd4 Nxd4 19. Kb1 b5 20. Qe5 b4 21. Rc1
c6 22. Rc5 Nf3 23. Qe3 Nd4 24. Nc4 Nc7 25. Nxa5 Nd5 26. Qxd4 Rxa5 27. Rxa5 Qxa5
28. Rc1 Ra8 29. Rxc6 Qxa2+ 30. Kc1 g6 31. Nxb4 Nxb4 32. Qxb4 Qa1+ 33. Kc2 Rd8
34. Rd6 Rc8+ 35. Kb3 Qa8 36. Rd3 Rb8 37. Rd4 Rxb4+ 38. Rxb4 Qf3+ 39. Ka2 Qxf2
40. Rb8+ Kg7 41. Rb4 Qh2 42. f5 exf5 43. Kb1 Qe5 44. Kc2 Qc5+ 45. Kb3 Qe3+ 46.
Ka4 f4 47. Rb3 Qa7+ 48. Kb4 Qb7+ 49. Kc3 Qxb3+ 50. Kxb3 f3 51. Kc4 f2 52. b4
f1=Q+ 53. Kc5 Qc1+ 54. Kb5 h6 55. Kb6 hxg5 56. hxg5 f6 57. gxf6+ Kxf6 58. b5 g5
59. Ka7 g4 60. b6 Qb1 61. b7 g3 62. b8=Q Qxb8+ 63. Kxb8 g2 0-1

[Event "Open Aubagne"]
[Site "Aubagne"]
[Date "2023.11.18"]
[Round "3.19"]
[White "Burnel, Marie-France"]
[Black "Periale, Francine"]
[Result "1-0"]
[WhiteElo "1199"]
[BlackElo "1199"]
[PlyCount "47"]
[WhiteTeam "C.E. Aubagnais"]
[BlackTeam "C.E. Aubagnais"]

1. c4 Nf6 2. Nc3 g6 3. g3 Bg7 4. Bg2 e6 5. e3 Nc6 6. Nge2 O-O 7. O-O d5 8. cxd5
exd5 9. d4 Be6 10. e4 dxe4 11. Nxe4 Bf5 12. Nxf6+ Bxf6 13. d5 Ne7 14. Bh6 Re8
15. Nf4 c6 16. d6 Nc8 17. Re1 Nxd6 18. Rxe8+ Qxe8 19. Qxd6 Be7 20. Qe5 f6 21.
Qc7 Kf7 22. Qxb7 Bd7 23. Qb3+ Be6 24. Qxe6# 1-0

[Event "Open Aubagne"]
[Site "Aubagne"]
[Date "2023.12.02"]
[Round "4.1"]
[White "Madi, Mohammed"]
[Black "Battaglia, Gerard"]
[Result "1-0"]
[WhiteElo "1415"]
[BlackElo "1605"]
[PlyCount "99"]
[WhiteTeam "C.E. Aubagnais"]
[BlackTeam "Ech. Marseillais 1872"]

1. e4 e5 2. Nf3 d6 3. d4 exd4 4. Nxd4 Nf6 5. Nc3 Be7 6. Bf4 a6 7. Be2 c5 8. Nf5
Bxf5 9. exf5 O-O 10. Qd2 Qd7 11. O-O-O Rd8 12. g4 Nc6 13. Rhg1 h6 14. Bxh6 gxh6
15. g5 Nh7 16. g6 Bg5 17. f4 fxg6 18. fxg6 Nf8 19. fxg5 h5 20. Nd5 Qg7 21. Nf6+
Kh8 22. Nxh5 Qxg6 23. Nf4 Qg7 24. g6 Nd4 25. Kb1 Re8 26. Bc4 Nf3 27. Qf2 Nxg1
28. Rxg1 Re5 29. Qh4+ Nh7 30. Qxh7+ Qxh7 31. gxh7 Kxh7 32. Bd3+ Kh6 33. Rg6+
Kh7 34. Rxd6+ Kg7 35. a3 Rae8 36. Rg6+ Kf7 37. Rb6 Re1+ 38. Ka2 R8e7 39. Bc4+
Kg7 40. Nd3 R1e2 41. Kb3 Rxh2 42. Nxc5 Rh6 43. Rxh6 Kxh6 44. Bd5 Re5 45. c4
Re3+ 46. Kb4 Re8 47. Bxb7 Rb8 48. Ka5 Kg7 49. b4 Kf6 50. Nd7+ 1-0

[Event "Open Aubagne"]
[Site "Aubagne"]
[Date "2023.12.02"]
[Round "4.2"]
[White "Mouhieddine, Hocine"]
[Black "Vrillet, Loan"]
[Result "1-0"]
[WhiteElo "1602"]
[BlackElo "1355"]
[PlyCount "49"]
[WhiteTeam "Ech. Marseillais 1872"]
[BlackTeam "C.E. Aubagnais"]

1. d4 e6 2. Bf4 Nf6 3. e3 d5 4. Nd2 c5 5. c3 Nc6 6. Ngf3 Bd6 7. Bg3 Qc7 8. Bd3
Bd7 9. dxc5 Bxg3 10. hxg3 a5 11. e4 O-O-O 12. exd5 Ne5 13. Be2 exd5 14. b4 Rde8
15. O-O Neg4 16. Nb3 Ne4 17. Rc1 Nexf2 18. Rxf2 Qxg3 19. Qe1 Bb5 20. Nbd4 Bd3
21. Rd1 Be4 22. Rf1 Qb8 23. Qh4 Ne3 24. Qh3+ f5 25. Nb5 1-0

[Event "Open Aubagne"]
[Site "Aubagne"]
[Date "2023.12.02"]
[Round "4.3"]
[White "Gomez, Guy"]
[Black "Maggio, Lucas"]
[Result "0-1"]
[WhiteElo "1491"]
[BlackElo "1437"]
[PlyCount "42"]
[WhiteTeam "C.E. Aubagnais"]
[BlackTeam "C.E. Aubagnais"]

1. e4 e6 2. d4 d5 3. e5 c5 4. c3 Nc6 5. Nf3 Bd7 6. Bd3 Rc8 7. O-O cxd4 8. cxd4
Nb4 9. Nc3 Nxd3 10. Qxd3 Ne7 11. a4 a6 12. b3 Nf5 13. Ba3 Bxa3 14. Rxa3 Qa5 15.
Ne2 Bb5 16. Qd1 Bxe2 17. Qxe2 Qb4 18. Qb2 Rc4 19. Rc1 Nxd4 20. Rxc4 dxc4 21.
Ra1 c3 0-1

[Event "Open Aubagne"]
[Site "Aubagne"]
[Date "2023.12.02"]
[Round "4.4"]
[White "Rival, None"]
[Black "Touaoula, Rachid"]
[Result "0-1"]
[WhiteElo "1199"]
[BlackElo "1503"]
[PlyCount "56"]
[WhiteTeam "Ech. Marseillais 1872"]
[BlackTeam "Ech. Marseillais 1872"]

1. d4 Nf6 2. c4 e6 3. Nc3 Bb4 4. f3 d5 5. a3 Bxc3+ 6. bxc3 O-O 7. Bg5 h6 8. Bh4
Nbd7 9. e3 c6 10. Bd3 Qa5 11. Ne2 dxc4 12. Bxc4 Nb6 13. Bd3 Nfd5 14. Qd2 Na4
15. O-O Naxc3 16. Kh1 b6 17. Rfc1 Nxe2 18. Qxe2 Bb7 19. Be1 Qa4 20. Rc4 Qb3 21.
g3 Ba6 22. Rb1 Qxa3 23. e4 Bxc4 24. Bxc4 Nc3 25. Qd3 Nxb1 26. Qxb1 Qxf3+ 27.
Kg1 Rfd8 28. Bf2 Qc3 0-1